|
|
|
|
| LEADER |
00000cam a2200000 7i4500 |
| 001 |
0000001707 |
| 005 |
20011031.0 |
| 090 |
0 |
0 |
|a 634.92
|b NAZ 1997
|
| 100 |
0 |
0 |
|a NAZIR Khan bin Nizam Khan
|
| 245 |
1 |
0 |
|a Report on APO Project no. STM-05-97 :
|b study meeting on sustainable forest management from 24 June 1997 - 4 July 1997
|
| 260 |
0 |
0 |
|a (Kelantan :
|b Forestry Department Kelantan ,
|c 1997)
|
| 300 |
|
|
|a 6 p., unnumberred ;
|c 30 cm.
|
| 500 |
0 |
0 |
|a Unpublished report
|
| 650 |
0 |
0 |
|a Forest management
|
| 710 |
1 |
1 |
|a Asian Productivity Organization (APO)
|
| 998 |
|
|
|a JPSM
|
| 999 |
|
|
|a 0000002577
|b Monograph
|c Open Shelf
|e Default branch
|
| 999 |
|
|
|a 0000002780
|b Monograph
|c Open Shelf
|e Default branch
|